Szczegóły MARC21

Introduction to the mathematics of finance /

003 -Nazwa inst., której nr kontr. jest w polu 001 [,]
    • @
    • Nazwa instytucji, której n kontrolny jest w polu 001
    • NUKAT
005 -DATA I CZAS OSTATNIEJ MODYFIKACJI [,]
    • @
    • pole kontrolne
    • 20241231101457.0
020 -Międzynarod. znormalizowany nr książki - ISBN [ , ]
    • a
    • Numer ISBN
    • 0821839039 Find
040 -Instytucja sporządzająca opis [ , ]
    • a
    • Instytucja, która sporządziła opis (NP)
    • WA 35/BJ
    • c
    • Instytucja, która sporządziła rekord (NP)
    • WA 35/BJ
    • d
    • Instytucja, która zmodyfikowała rekord (P)
    • WA 35/BJ
942 -Rodzaj dokumentu [ , ]
    • c
    • Rodzaj dokumentu
    • Książka
100 -Hasło główne - nazwa osobowa [1, ]
    • a
    • Nazwa osobowa (NP)
    • Williams, Ruth J.
    • d
    • Daty biograficzne (NP)
    • (1955- ).
    • 9
    • KHW
    • 572172
245 -Strefa tytułu i oznaczenia odpowiedzialności [1,0]
    • a
    • Tytuł
    • Introduction to the mathematics of finance / Find
    • c
    • Pozostałe elementy strefy tytułu i oznaczenia odpowiedzialności (NP)
    • R. J. Williams.
260 -Strefa adresu wydawniczego [ , ]
    • a
    • Miejsce wydania (P)
    • Providence :
    • b
    • Nazwa wydawcy (P)
    • American Mathematical Society,
    • c
    • Data wydania (P)
    • cop. 2006.
300 -Strefa opisu fizycznego [ , ]
    • a
    • Określenie formy książki i/lub objętość (NP)
    • VIII, 150 s. ;
    • c
    • Format (NP)
    • 26 cm.
336 -Typ zawartości [ , ]
    • a
    • Termin opisujący typ zawartości
    • Tekst
    • b
    • Kod określający zawartość
    • txt
    • 2
    • Źródło (terminu i kodu)
    • rdacontent
337 -Typ mediów [ , ]
    • a
    • Tryb odtwarzania
    • Bez urządzenia pośredniczącego
    • b
    • Kod typu mediów
    • n
    • 2
    • Źródło (terminu i kodu)
    • rdamedia
338 -Typ/rodzaj nośnika [ , ]
    • a
    • Hasło opisujące typ nośnika
    • Wolumin
    • b
    • Kod typu nośnika
    • nc
    • 2
    • Źródło (terminu i kodu)
    • rdacarrier
490 -Strefa serii i książki wielotomowej - forma nie do wyszukiwania [1, ]
    • a
    • Tytuł (P)
    • Graduate Studies in Mathematics, Find
    • x
    • ISSN (NP)
    • 1065-7339 ;
    • v
    • Numeracja (P)
    • vol. 72
830 -Hasło dodatkowe serii i opisu książki wielotomowej - tytuł ujednolicony/tytuł [ ,0]
    • a
    • Tytuł ujednolicony/tytuł (NP)
    • Graduate Studies in Mathematics
    • x
    • ISSN
    • 1065-7339
    • v
    • Oznaczenie tomu (NP)
    • vol. 72
    • 9
    • KHW
    • 8919
504 -Uwaga dot. bibliogr. załącznikowej [ , ]
    • a
    • Uwaga dot. bibliografii załącznikowej
    • Bibliogr. s. 145-147. Indeks.
080 -Uniwersalna Klasyfikacja Dziesiętna [ , ]
    • 2
    • Identyfikator wydania tablic
    • UDC-P022
    • a
    • Symbol klasyfikacji
    • 336
    • b
    • Dopowiedzenie
    • Finanse. Finanse publiczne. Cła. Bankowość. Pieniądz.
    • x
    • Poddział wspólny
    • (075.8)
    • b
    • Dopowiedzenie
    • (Podręczniki dla szkół wyższych. Skrypty).
    • x
    • Poddział wspólny
    • =111
    • b
    • Dopowiedzenie
    • =język angielski
080 -Uniwersalna Klasyfikacja Dziesiętna [ , ]
    • 2
    • Identyfikator wydania tablic
    • UDC-P022
    • a
    • Symbol klasyfikacji
    • 51
    • b
    • Dopowiedzenie
    • Matematyka. Nauki przyrodnicze.
    • x
    • Poddział wspólny
    • (075.8)
    • b
    • Dopowiedzenie
    • (Podręczniki dla szkół wyższych. Skrypty).
    • x
    • Poddział wspólny
    • =111
    • b
    • Dopowiedzenie
    • =język angielski
980 -Symbol UKD [ , ]
    • a
    • UKD
    • 336:51](075.8)=111
920 -ISBN [ , ]
    • a
    • ISBN
    • 0-8218-3903-9 Find
Data inwentaryzacji Lokalizacja Status udost. Numer inwentarzowy
2006-12-18BG1N.18938